=LDR 00000nam 2200000 4500 =001 INLIS000000000032158 =005 20130612134159 =008 ***********************************ind** =035 ##$$0010-061300000032158 =041 ##$$a ind =082 ##$$a 433.1 =090 ##$$a 433.1, Rah k =100 ##$$a RAHARJuKUSUMAH, Dace =245 ##$$a Kamus Lengkap, Jerman-Indonesia, indonesia-Jerman, Dace Rahajukusumamah =260 ##$$a 2008 $b jakarta =300 ##$$a vii, 890 hlm, 23 cm =650 ##$$a kamus bahasa Jerman-indonesia =850 ##$$a NBPNMAT